000 00617cam a22002052 4500
001 0000023415
005 20151217152241.0
008 121121s xx 000 0 eng d
020 _a0324315635
040 _aKABU
_cKABU
245 1 0 _aUnderstanding economics. /
_cRussell S. Sobel, Richard L. Stroup, David A. Macpherson, James D. Gwartney.
250 _a1st ed.
260 _aAustralia :
_bThomson,
_c2006.
300 _axxvi,656 p.
650 0 _aEconomics.
_@0000148279
700 1 _aSobel, Russell S.
_@0000181686
908 _a121121
950 _@1
999 _c9817
_d9817